000 00709cam a22002293a 4500
001 20204
003 PGUSA
005 20140828083428.0
008 061228s2006||||xxu|||||s|||||000 | eng d
040 _aPGUSA
_beng
042 _adc
050 4 _aPR
100 1 _aRuskin, John,
_d1819-1900
245 1 4 _aThe Storm-Cloud of the Nineteenth Century :
_bTwo Lectures delivered at the London Institution February 4th and 11th, 1884
_h[electronic resource] /
_cJohn Ruskin
260 _bProject Gutenberg,
_c2006
506 _aPublic domain in the USA.
516 _aElectronic text
653 _aClouds
830 0 _aProject Gutenberg
_v20204
856 4 0 _uhttp://www.gutenberg.org/ebooks/20204
942 _cEB
999 _c249459
_d249459